Posílení rodiny : základy krátké terapie zaměřené na řešení / Insoo Kim Berg ; [z anglického originálu přeložil Ivan Úlehla]
Množství poznatků o rodinách, kde jsou děti zanedbávány či týrány, posloužilo k nabourání starých stereotypů, kvůli nimž zůstávalo týrání ve středostavovských, zdánlivě spořádaných rodinách většinou bez povšimnutí. Klíčové přitom je naučit se pracovat s rodinami, jež jsou plny zlosti a bezmoci, cítí se omezované a nechtějí, aby se s nimi pracovalo. Text přibližuje tzv. na rodinu zaměřenou službu (Family Based Service, FBS), specializovanou službu péče o děti (child welfare), která si jako cíl intervence primárně stanovuje rodinu, namísto oddělené péče o děti a o rodiče. Využívá základních znalostí a dovedností z oblasti rodinné terapie, aby důkladně posoudila rodinu jako celek, rozvíjela existující vztahy mezi rodiči a dítětem a podpořila kompetentní jednání rodičů. Určeno sociálním pracovníkům.
Sociální metodika k sanaci rodiny: komplexní přístup na řešení orientované terapie použitelný pro všechny, kdo chtějí přispět k tomu, že klientům a jejich rodinám bude na světě lépe.
Record details
- ISBN: 978-80-262-0500-5 (brož.)
- Physical Description: 167 s. ; 23 cm
- Edition: Vyd. 1.
- Publisher: Praha : Portál, 2013
Content descriptions
| Bibliography, etc. Note: | Obsahuje bibliografii |
Search for related items by subject
| Subject: | rodinná psychoterapie problémové rodiny sanace rodiny sociální péče sociální práce family psychotherapy problem families family preservation public welfare social work |
| Genre: | příručky handbooks, manuals, etc |
Available copies
- 2 of 2 copies available at Common Catalog SPOK.
Holds
- 0 current holds with 2 total copies.
Show Only Available Copies
| Location | Call Number / Copy Notes | Barcode | Shelving Location | Status | Due Date |
|---|---|---|---|---|---|
| Jabok Library | Psy-9.5/B | 424480033234 | Odborná literatura | Available | - |
| Jabok Library | Psy-9.5/B | 424480033242 | Odborná literatura | Available | - |
Electronic resources
Version of Resource: Obsah
| LDR | 04202nam a2200889 a 4500 | ||
|---|---|---|---|
| 001 | 18243 | ||
| 003 | CZ-PrJAB | ||
| 005 | 20150425094546.0 | ||
| 007 | ta | ||
| 008 | 130813s2013 xr e f 000 0 cze | ||
| 015 | . | ‡acnb002482981 | |
| 020 | . | ‡a978-80-262-0500-5 (brož.) | |
| 035 | . | ‡a(CZ PrSKC)nkc20132482981 | |
| 035 | . | ‡a(OCoLC)862712618 | |
| 040 | . | ‡aABA001 ‡bcze | |
| 041 | 1 | . | ‡acze ‡heng |
| 072 | 7. | ‡a364-1/-7 ‡xDruhy sociální pomoci a služeb ‡2Konspekt ‡918 | |
| 080 | . | ‡a364.642-785.4 ‡2MRF | |
| 080 | . | ‡a364.642 ‡2MRF | |
| 080 | . | ‡a364-787.24 ‡2MRF | |
| 080 | . | ‡a364-3 ‡2MRF | |
| 080 | . | ‡a364-78 ‡2MRF | |
| 080 | . | ‡a(035) ‡2MRF | |
| 100 | 1 | . | ‡aBerg, Insoo Kim, ‡d1934-2007 ‡7pag2012676348 ‡4aut |
| 245 | 1 | 0. | ‡aPosílení rodiny : ‡bzáklady krátké terapie zaměřené na řešení / ‡cInsoo Kim Berg ; [z anglického originálu přeložil Ivan Úlehla] |
| 250 | . | ‡aVyd. 1. | |
| 260 | . | ‡aPraha : ‡bPortál, ‡c2013 | |
| 300 | . | ‡a167 s. ; ‡c23 cm | |
| 504 | . | ‡aObsahuje bibliografii | |
| 520 | 9 | . | ‡aMnožství poznatků o rodinách, kde jsou děti zanedbávány či týrány, posloužilo k nabourání starých stereotypů, kvůli nimž zůstávalo týrání ve středostavovských, zdánlivě spořádaných rodinách většinou bez povšimnutí. Klíčové přitom je naučit se pracovat s rodinami, jež jsou plny zlosti a bezmoci, cítí se omezované a nechtějí, aby se s nimi pracovalo. Text přibližuje tzv. na rodinu zaměřenou službu (Family Based Service, FBS), specializovanou službu péče o děti (child welfare), která si jako cíl intervence primárně stanovuje rodinu, namísto oddělené péče o děti a o rodiče. Využívá základních znalostí a dovedností z oblasti rodinné terapie, aby důkladně posoudila rodinu jako celek, rozvíjela existující vztahy mezi rodiči a dítětem a podpořila kompetentní jednání rodičů. Určeno sociálním pracovníkům. |
| 520 | 9 | . | ‡aSociální metodika k sanaci rodiny: komplexní přístup na řešení orientované terapie použitelný pro všechny, kdo chtějí přispět k tomu, že klientům a jejich rodinám bude na světě lépe. |
| 650 | 0 | 7. | ‡arodinná psychoterapie ‡7ph116048 ‡2czenas |
| 650 | 0 | 7. | ‡aproblémové rodiny ‡7ph166514 ‡2czenas |
| 650 | 0 | 7. | ‡asanace rodiny ‡7ph648770 ‡2czenas |
| 650 | 0 | 7. | ‡asociální péče ‡7ph117266 ‡2czenas |
| 650 | 0 | 7. | ‡asociální práce ‡7ph125805 ‡2czenas |
| 650 | 0 | 9. | ‡afamily psychotherapy ‡2eczenas |
| 650 | 0 | 9. | ‡aproblem families ‡2eczenas |
| 650 | 0 | 9. | ‡afamily preservation ‡2eczenas |
| 650 | 0 | 9. | ‡apublic welfare ‡2eczenas |
| 650 | 0 | 9. | ‡asocial work ‡2eczenas |
| 655 | 7. | ‡apříručky ‡7fd133209 ‡2czenas | |
| 655 | 9. | ‡ahandbooks, manuals, etc ‡2eczenas | |
| 765 | 0 | . | ‡tFamily preservation ‡9Česky |
| 856 | 4 | 1. | ‡uhttp://www.obalkyknih.cz/file/toc/72821/pdf ‡yObsah |
| 910 | . | ‡aABG312 | |
| 901 | . | ‡a18243 ‡b ‡c18243 ‡tbiblio | |